000 00214nam a2200097Ia 4500
008 170619s9999 xx 000 0 und d
100 _aGopalkrishnan- P
245 0 _aMaterials Management
260 _bphi
260 _c2012
546 _aENGLISH
999 _c22826
_d22826